| 000 | 00450nab a2200145Ia 4500 | ||
|---|---|---|---|
| 003 | ES-SlBCS | ||
| 005 | 20210601140335.0 | ||
| 008 | 140529s1990 xxu||||| |||| 00| 0 spa d | ||
| 041 | _aspa | ||
| 100 | 1 |
_aVillar, Pierre _9243549 |
|
| 245 | 0 | 0 |
_aMaravall y el saber histórico _c Pierre Villar |
| 600 | 1 | 4 |
_aMaravall, José Antonio _d, 1911-1986 _990637 |
| 773 | 0 |
_tCuadernos Hispanoamericanos _gnº. 477-478, 1990, págs. 177-184 _wRev1135 |
|
| 942 | _cAR | ||
| 999 |
_c643037 _d643037 |
||